Poslanie, organizácia, riadenie a ekonomika múzejnictva na Slovensku záverečná práca postgraduálneho štúdia

Salvato in:
Dettagli Bibliografici
Autore principale: Holický, Jozef
Ente Autore: Vysoká škola ekonomická v Bratislave
Altri autori: Varinský, Vladimír
Natura: Libro
Lingua:slovacco
Pubblicazione: Bratislava 1987
Tags: Aggiungi Tag
Nessun Tag, puoi essere il primo ad aggiungerne!!

MARC

LEADER 00000nam a2200000 4500
001 c027342
005 20221219094939.2
041 0 |a slo 
044 |a SK 
245 1 0 |a Poslanie, organizácia, riadenie a ekonomika múzejnictva na Slovensku  |b záverečná práca postgraduálneho štúdia  |c Jozef Holický ; Ved. práce Vladimír Varinský 
264 1 |a Bratislava  |c 1987 
300 |a 63 s. 
100 1 |a Holický, Jozef 
700 1 |a Varinský, Vladimír 
710 2 |a Vysoká škola ekonomická v Bratislave